[Event "Secondario 15th"]
[Site "Caorle"]
[Date "1990.07.14"]
[Round "8.38"]
[White "Luciani, Valerio"]
[Black "Rasinger, Tanja"]
[Result "1/2-1/2"]
[WhiteElo "1800"]
[BlackElo "2005"]
[PlyCount "22"]
[EventDate "1990.07.07"]
[EventType "swiss"]
[EventRounds "8"]
[EventCountry "ITA"]
[SourceTitle "EXT 2023"]
[Source "ChessBase"]
[SourceDate "2022.10.05"]
[SourceVersion "1"]
[SourceVersionDate "2022.10.05"]
[SourceQuality "1"]

1. d4 Nf6 2. c4 g6 3. Nc3 Bg7 4. e4 d6 5. Nf3 0-0 6. Be2 e5 7. 0-0 Nc6 8. d5 Ne7 9. Ne1 Nd7 10. Be3 f5 11. f3 Nf6 1/2-1/2